[Event "FRA-ch U12 Girls"]
[Site "Saint Paul Trois Chateaux"]
[Date "2013.05.03"]
[Round "6"]
[White "Bellahcene, Meriem"]
[Black "Rambeaux, Solene"]
[Result "1-0"]
[WhiteElo "1512"]
[BlackElo "1341"]
[PlyCount "83"]
[EventDate "2013.04.28"]
[EventType "swiss"]
[EventRounds "9"]
[EventCountry "FRA"]
[SourceTitle "CBM 154 Extra"]
[Source "ChessBase"]
[SourceDate "2013.06.25"]
[SourceVersion "2"]
[SourceVersionDate "2013.06.25"]
[SourceQuality "1"]

1. e4 c5 2. Nf3 Nc6 3. d4 cxd4 4. Nxd4 e5 5. Nb5 d6 6. N5c3 a6 7. Na3 b5 8. Nd5 Nge7 9. c4 Nd4 10. cxb5 Nxd5 11. exd5 Be7 12. Bd3 0-0 13. 0-0 f5 14. Be3 Nxb5 15. Nxb5 axb5 16. Bxb5 f4 17. Bc1 f3 18. g3 Bh3 19. Re1 Qc8 20. Re3 Bg2 21. Bf1 Qh3 22. Qd3 Rf5 23. Rxf3 Rxf3 24. Qxf3 Bxf1 25. Be3 Rf8 26. Qe4 Be2 27. f4 Bf6 28. a4 exf4 29. Bxf4 Be5 30. Qxe2 Bxf4 31. gxf4 Rxf4 32. Qe6+ Qxe6 33. dxe6 Re4 34. a5 Rxe6 35. a6 Re8 36. b4 d5 37. a7 Ra8 38. b5 d4 39. b6 d3 40. b7 Rf8 41. a8Q Rxa8 42. bxa8Q+ 1-0

[Event "FRA-chT U20 16 GP Haute 1011"]
[Site "France"]
[Date "2011.06.12"]
[Round "8"]
[White "Mautin, Arthur"]
[Black "Rambeaux, Solene"]
[Result "1-0"]
[WhiteElo "1560"]
[BlackElo "1450"]
[PlyCount "62"]
[EventDate "2010.06.20"]
[EventType "team-tourn"]
[EventRounds "11"]
[EventCountry "FRA"]
[SourceTitle "EXT 2015"]
[Source "ChessBase"]
[SourceDate "2014.11.20"]
[SourceVersion "1"]
[SourceVersionDate "2014.11.20"]
[SourceQuality "1"]
[WhiteTeam "Cannes (U20)"]
[BlackTeam "Mulhouse Philidor (U20)"]
[WhiteTeamCountry "FRA"]
[BlackTeamCountry "FRA"]

1. d4 Nf6 2. c4 g6 3. Nc3 Bg7 4. e4 d6 5. Bd3 0-0 6. Nge2 Nbd7 7. 0-0 e5 8. d5 Nc5 9. Bc2 Nh5 10. b4 Na6 11. Rb1 f5 12. exf5 gxf5 13. f4 e4 14. Be3 Kh8 15. Bd4 Rg8 16. Qd2 Bxd4+ 17. Nxd4 Qf6 18. Nd1 Qg6 19. Ne3 Bd7 20. a3 Rg7 21. Kh1 Rag8 22. Rf2 c6 23. Bb3 Nc7 24. c5 dxc5 25. dxc6 Be6 26. Bxe6 Nxe6 27. Ndxf5 Rf7 28. g3 bxc6 29. bxc5 Nxc5 30. Qd4+ Rf6 31. Ne7 Qg7 1-0

[Event "FRA-chT U20 16 GP Haute 1011"]
[Site "France"]
[Date "2011.06.12"]
[Round "8"]
[White "Rambeaux, Solene"]
[Black "Bergougnoux, Axel"]
[Result "0-1"]
[WhiteElo "1450"]
[BlackElo "1380"]
[PlyCount "35"]
[EventDate "2010.06.20"]
[EventType "team-tourn"]
[EventRounds "11"]
[EventCountry "FRA"]
[SourceTitle "EXT 2015"]
[Source "ChessBase"]
[SourceDate "2014.11.20"]
[SourceVersion "1"]
[SourceVersionDate "2014.11.20"]
[SourceQuality "1"]
[WhiteTeam "Mulhouse Philidor (U20)"]
[BlackTeam "Cannes (U20)"]
[WhiteTeamCountry "FRA"]
[BlackTeamCountry "FRA"]

1. d4 d5 2. c4 dxc4 3. e4 Nf6 4. Nc3 e5 5. Nf3 Bg4 6. Bxc4 exd4 7. Qxd4 Nc6 8. Qe3 Be7 9. e5 Nd7 10. Qf4 Bh5 11. g4 Bg6 12. e6 Nf6 13. g5 Bd6 14. exf7+ Kf8 15. Qd2 Ng4 16. h3 Nge5 17. Nxe5 Bxe5 18. Bb3 0-1

[Event "FRA-chT U20 16 GP Haute 1011"]
[Site "France"]
[Date "2011.06.12"]
[Round "10"]
[White "Rambeaux, Solene"]
[Black "Lavault, Samuel"]
[Result "1-0"]
[WhiteElo "1450"]
[BlackElo "1640"]
[PlyCount "79"]
[EventDate "2010.06.20"]
[EventType "team-tourn"]
[EventRounds "11"]
[EventCountry "FRA"]
[SourceTitle "EXT 2015"]
[Source "ChessBase"]
[SourceDate "2014.11.20"]
[SourceVersion "1"]
[SourceVersionDate "2014.11.20"]
[SourceQuality "1"]
[WhiteTeam "Mulhouse Philidor (U20)"]
[BlackTeam "Grenoble (U20)"]
[WhiteTeamCountry "FRA"]
[BlackTeamCountry "FRA"]

1. d4 Nf6 2. c4 e6 3. Nc3 Bb4 4. Bg5 Nc6 5. e3 h6 6. Bh4 g5 7. Bg3 d5 8. cxd5 Nxd5 9. Qc2 f5 10. Bd3 f4 11. exf4 gxf4 12. Bg6+ Kd7 13. Nge2 fxg3 14. Nxg3 Nxd4 15. Qa4+ b5 16. Qd1 c5 17. 0-0 Bb7 18. Nge4 Bxc3 19. bxc3 Nc6 20. Nxc5+ Kc8 21. Nxe6 Qd6 22. Bf5 Nce7 23. Qd4 Rg8 24. Bh7 Re8 25. c4 Qxe6 26. cxd5 Qxd5 27. Rac1+ Bc6 28. Qg4+ Kb7 29. Rfd1 Qxa2 30. Be4 Qf7 31. Bxc6+ Nxc6 32. Rd7+ Qxd7 33. Qxd7+ Kb6 34. Qxc6+ Ka5 35. Rb1 Rab8 36. f4 Rf8 37. h3 Rb6 38. Qc3+ Ka6 39. Qa3+ Kb7 40. Qxf8 1-0

[Event "FRA-chTB U20 1011"]
[Site "France"]
[Date "2010.12.19"]
[Round "5.10"]
[White "Ragot Gaufreteau, Maelyss"]
[Black "Rambeaux, Solene"]
[Result "1-0"]
[WhiteElo "1350"]
[BlackElo "1480"]
[PlyCount "59"]
[EventDate "2010.11.20"]
[EventType "team-tourn"]
[EventRounds "7"]
[EventCountry "FRA"]
[SourceTitle "EXT 2012"]
[Source "ChessBase"]
[SourceDate "2011.11.24"]
[SourceVersion "1"]
[SourceVersionDate "2011.11.24"]
[SourceQuality "1"]
[WhiteTeam "Sautron"]
[BlackTeam "Mulhouse"]
[WhiteTeamCountry "FRA"]
[BlackTeamCountry "FRA"]

1. e4 c5 2. Nf3 d6 3. d4 cxd4 4. Nxd4 Nf6 5. Nc3 g6 6. Be3 Bg7 7. f3 0-0 8. Qd2 Nc6 9. Bc4 Bd7 10. 0-0-0 Rb8 11. g4 Na5 12. Bb3 b5 13. Bh6 Bxh6 14. Qxh6 e5 15. Nde2 b4 16. Nd5 Nxb3+ 17. axb3 Nxd5 18. exd5 Qa5 19. Kb1 Rb6 20. h4 Ra6 21. Kc1 Qc5 22. Kb1 Rc8 23. c3 bxc3 24. Nxc3 Qa5 25. h5 Qa1+ 26. Kc2 Qa5 27. hxg6 fxg6 28. Qxh7+ Kf8 29. Qh8+ Ke7 30. Rh7# 1-0

[Event "FRA-chTB U20 1011"]
[Site "France"]
[Date "2010.12.18"]
[Round "4.9"]
[White "Rambeaux, Solene"]
[Black "Gaubert, Cedric"]
[Result "1-0"]
[WhiteElo "1480"]
[BlackElo "1009"]
[PlyCount "87"]
[EventDate "2010.11.20"]
[EventType "team-tourn"]
[EventRounds "7"]
[EventCountry "FRA"]
[SourceTitle "EXT 2012"]
[Source "ChessBase"]
[SourceDate "2011.11.24"]
[SourceVersion "1"]
[SourceVersionDate "2011.11.24"]
[SourceQuality "1"]
[WhiteTeam "Mulhouse"]
[BlackTeam "Niort"]
[WhiteTeamCountry "FRA"]
[BlackTeamCountry "FRA"]

1. d4 d5 2. c4 e6 3. Nf3 Bd6 4. g3 c6 5. Bg2 Bc7 6. 0-0 f5 7. Bg5 Nf6 8. Nc3 b6 9. Qc2 Qd6 10. Bf4 Qd8 11. Bxc7 Qxc7 12. a4 0-0 13. b4 Ne4 14. Nxe4 dxe4 15. Ne5 Nd7 16. Nxd7 Qxd7 17. e3 Rf6 18. Rfd1 Qf7 19. c5 Ba6 20. Rdb1 Bd3 21. Qb3 Bxb1 22. Rxb1 b5 23. axb5 cxb5 24. Qc3 Rc8 25. c6 Qh5 26. h4 Rc7 27. Qc5 g5 28. Qxb5 gxh4 29. Qb8+ Rf8 30. Qxc7 hxg3 31. Qxg3+ Kh8 32. Qe5+ Kg8 33. Qxe6+ Kh8 34. c7 Re8 35. c8Q Rxc8 36. Qxc8+ Kg7 37. d5 Qf7 38. d6 Qa2 39. Rd1 Qe2 40. Rf1 h5 41. d7 Qg4 42. d8Q h4 43. Qg8+ Kf6 44. Qce6# 1-0

[Event "FRA-ch U08"]
[Site "La Roche sur Yon"]
[Date "2008.04.23"]
[Round "1"]
[White "Alinc, Deborah"]
[Black "Rambeaux, Solene"]
[Result "0-1"]
[WhiteElo "1009"]
[BlackElo "1410"]
[PlyCount "107"]
[EventDate "2008.04.23"]
[EventType "swiss"]
[EventRounds "9"]
[EventCountry "FRA"]
[SourceTitle "EXT 2010"]
[Source "ChessBase"]
[SourceDate "2010.11.25"]
[SourceVersion "1"]
[SourceVersionDate "2010.11.25"]
[SourceQuality "1"]

1. e4 d6 2. Qh5 g6 3. Qf3 Bg7 4. Bc4 e6 5. Ne2 Nf6 6. Bb5+ Bd7 7. Bxd7+ Nbxd7 8. Qb3 Rb8 9. Qa4 a6 10. e5 dxe5 11. Qb4 Nd5 12. Qg4 0-0 13. Qe4 N7f6 14. Qh4 Nb6 15. d3 Qd7 16. Bg5 Qe7 17. Bxf6 Bxf6 18. Qh3 Bg7 19. 0-0 Rfe8 20. Nd2 Nd5 21. Nf3 f6 22. Ng5 fxg5 23. Ng3 Nf4 24. Qg4 Rbd8 25. Ne4 Rd7 26. Nxg5 Rd4 27. c3 Rxd3 28. Qh4 h6 29. Nf3 Qxh4 30. Nxh4 Ne2+ 31. Kh1 Bf6 32. Nxg6 Kg7 33. Nxe5 Bxe5 34. Rfe1 Rd2 35. c4 Bxb2 36. Rab1 Bf6 37. Rxb7 Red8 38. Rxc7+ Kg8 39. c5 Rd1 40. h3 Rxe1+ 41. Kh2 Be5+ 42. g3 Bxc7 43. a4 Rdd1 44. a5 Rh1+ 45. Kg2 Rdg1+ 46. Kf3 Nd4+ 47. Ke3 e5 48. c6 Nxc6 49. g4 Rxh3+ 50. f3 Rh2 51. g5 Rb2 52. gxh6 Kh7 53. Ke4 Rb4+ 54. Kd5 0-1